| 000 | 00492nam a2200181 a 4500 | ||
|---|---|---|---|
| 001 | 12726 | ||
| 005 | 20180713201026.0 | ||
| 008 | 140415s1986 000 0 spa d | ||
| 041 | _aspa | ||
| 082 |
_a320 _bSTO |
||
| 100 | 1 | _aSTAESSINGER, JOHN G. | |
| 245 | 1 | 3 |
_aEL PODERIO DE LAS NACIONES : _bPOLITICA MUNDIAL |
| 250 | _a2a ed. | ||
| 260 |
_a[s.l.] : _bGERNIKA, _c1986 |
||
| 300 | _a509 | ||
| 650 | 1 | 4 | _aCIENCIAS POLITICAS |
| 700 | 1 |
_aRAMOS, MARIA DE LOS ANGELES G. _etr. |
|
| 999 |
_c12726 _d12726 |
||